Estructura agraria, dinámica de población y desarrollo capitalista en Centroamérica

Uloženo v:
Podrobná bibliografie
Korporativní autor: CSUCA
Médium: Text
Vydáno: San José: EDUCA
Tagy: Přidat tag
Žádné tagy, Buďte první, kdo vytvoří štítek k tomuto záznamu!

MARC

LEADER 00000 a a2200000 04500
001 25551
003
040
090 |a 154805  
110 |a CSUCA  
245 |a Estructura agraria, dinámica de población y desarrollo capitalista en Centroamérica  
260 |a San José:   |b EDUCA  
300 |a 335 p   |b **no definido**  
999 |c 14462  |d 14462